1877 1290 1293 1663 1284 1327 1474 1700 1931 1969 1433 1140 1402 1972 1133 1331 1072 1616 1498 1085 1305 1117 1400 1763 1120 1375 1362 1429 1560 1046 1054 1705 1999 1492 1600 1280 1990 1684 1214 1720 1177 1889 1609 1304 1718 1864 1729 1899 1889 1225 1969 1392 1903 1347 1522 1452 1161 1239 1658 1940 1895 1147 1371 1351 1438 1748 1081 1365 1215 1101 1780 1437 1894 1712 1220 1927 1455 1739 1120 1085 1666 1966 1973 1732 1042 1927 1386 1763 1040 1832 1126 1375 1833 1407 1203 1512 1325 1617 1807 BCNSPRNW ULIB Ver.6.0+V

เปลี่ยนเป็นภาษาไทย

Change to English
 แสดงรายละเอียดบรรณานุกรม
  กลับหน้าหลัก

Brief Record : Get Marc (ISO 2709) : E-mail record : QR code < ปิดหน้าต่าง
LEADER : 00000nam 2200000uu 4500
001    13399123184
003     ULIB
008    140606s2555||||th 000 0 tha d
020    ^a9789740539131
060  0 ^aWM290 ^bท363บ
245 00 ^aบุหรี่กับสุขภาพ :^bพยาบาลกับการควบคุมการบริโภคยาสูบ /^cสุปาณี เสนาดิสัย, สุรินธร กลัมพากร, บรรณาธิการ
250    ^aพิมพ์ครั้งที่ 2
260    ^aกรุงเทพฯ :^bเครือข่ายพยาบาลเพื่อการควบคุมยาสูบแห่งประเทศไทย,^c2555
300    ^a361 หน้า
536    ^aด้รับการสนับสนุนจากสำนักงานกองทุนสนับสนุนการสร้างเสริมสุขภาพ (สสส.)
650  7 ^aการสูบบุหรี่^xการควบคุม^zไทย
650  7 ^aการเลิกบุหรี่^zไทย
650  7 ^aการสูบบุหรี่^zไทย
650  7 ^aคนสูบบุหรี่^zไทย
650  7 ^aยาสูบ^xการควบคุม^zไทย
650  7 ^aพยาบาล
700 0  ^aสุปาณี เสนาดิสัย,^eบรรณาธิการ
700 0  ^aสุรินธร กลัมพากร,^eบรรณาธิการ
710 2  ^aเครือข่ายพยาบาลเพื่อการควบคุมยาสูบแห่งประเทศไทย.^bสมาคมพยาบาลแห่งประเทศไทยในพระราชูปถัมภ์สมเด็จพระศรีนครินทร์ทราบรมราชชนนี
945    ^p0^l0^i034487
999    ^aเกษร โพธิ์สุวรรณ
รายการนี้ยังไม่มีแท็ก
คุณยังไม่ได้ล็อกอิน คุณสามารถมีกิจกรรมร่วมกับเว็บไซต์ได้ แต่ต้องล็อกอินก่อน ::
  ล็อกอิน

รายการสื่อสารสนเทศ

ลำดับที่ ประเภท เลขเรียก/บาร์โค้ด สถานที่ สถานะ
1. วิทยาศาสตร์การแพทย์ และสุขภาพ
หนังสือสำรอง
สถานะ=หนังสือสำรอง
WM290 ท363บ ฉ.1 
  Barcode: 034487
ห้องสมุดวิทยาเขตสวรรค์ประชารักษ์
►ส่วนจัดเก็บหนังสือเก่า สปร
บนชั้น
  ขอยืม

รายการใกล้เคียง
    หัวเรื่อง [พยาบาล]

BibComment


ยังไม่เคยถูกคอมเมนท์

คอมเมนท์ทรัพยากรรายการนี้
  คอมเมนท์: บุหรี่กับสุขภาพ ..


 Copyright 2026. Bcnsprnw @Library